Оптимизация конструктивных и технологических параметров реактора окислительного обессеривания; Химия и химическая технология в XXI веке

Detalhes bibliográficos
Parent link:Химия и химическая технология в XXI веке.— 2019.— [С. 339-340]
Autor principal: Баклашкина К. А.
Autor Corporativo: Национальный исследовательский Томский политехнический университет Инженерная школа природных ресурсов Отделение химической инженерии
Outros Autores: Самборская М. А. Марина Анатольевна (научный руководитель), Кривцова К. Б. Ксения Борисовна
Resumo:Заглавие с экрана
Idioma:russo
Publicado em: 2019
coleção:Технология и моделирование процессов подготовки и переработки углеводородного сырья
Assuntos:
Acesso em linha:http://earchive.tpu.ru/handle/11683/55620
Formato: Recurso Eletrônico Capítulo de Livro
KOHA link:https://koha.lib.tpu.ru/cgi-bin/koha/opac-detail.pl?biblionumber=629459

MARC

LEADER 00000naa2a2200000 4500
001 629459
005 20231101133549.0
035 |a (RuTPU)RU\TPU\conf\30099 
035 |a RU\TPU\conf\30098 
090 |a 629459 
100 |a 20190715d2019 k y0rusy50 ca 
101 0 |a rus 
102 |a RU 
105 |a y z 101zy 
135 |a drgn ---uucaa 
181 0 |a i  
182 0 |a b 
200 1 |a Оптимизация конструктивных и технологических параметров реактора окислительного обессеривания  |f К. А. Баклашкина  |g науч. рук. М. А. Самборская, К. Б. Кривцова 
203 |a Текст  |c электронный 
225 1 |a Технология и моделирование процессов подготовки и переработки углеводородного сырья 
230 |a 1 компьютерный файл (pdf; 659 Kb) 
300 |a Заглавие с экрана 
320 |a [Библиогр.: с. 340 (3 назв.)] 
463 0 |0 (RuTPU)RU\TPU\conf\29907  |t Химия и химическая технология в XXI веке  |o материалы XX Международной научно-практической конференции имени профессора Л. П. Кулёва студентов и молодых ученых, 20–23 мая 2019 г., г. Томск  |f Национальный исследовательский Томский политехнический университет  |v [С. 339-340]  |d 2019 
610 1 |a электронный ресурс 
610 1 |a труды учёных ТПУ 
610 1 |a оптимизация 
610 1 |a конструктивные параметры 
610 1 |a технологические параметры 
610 1 |a реакторы 
610 1 |a окислительное обессеривание 
610 1 |a дизельные топлива 
700 1 |a Баклашкина  |b К. А. 
702 1 |a Самборская  |b М. А.  |c химик-технолог  |c доцент Томского политехнического университета, кандидат химических наук  |f 1960-  |g Марина Анатольевна  |2 stltpush  |4 727 
702 1 |a Кривцова  |b К. Б.  |c химик  |c инженер Томского политехнического университета  |f 1988-  |g Ксения Борисовна  |2 stltpush  |4 727 
712 0 2 |a Национальный исследовательский Томский политехнический университет  |b Инженерная школа природных ресурсов  |b Отделение химической инженерии  |h 8085  |2 stltpush  |3 (RuTPU)RU\TPU\col\23513 
801 2 |a RU  |b 63413507  |c 20190807  |g RCR 
856 4 |u http://earchive.tpu.ru/handle/11683/55620 
942 |c BK